000 00752nam a2200253Ia 4500
003 OSt
005 20220928122313.0
006 a|||||r|||| 00| 0
007 ta
008 220927b |||||||| |||| 00| 0 eng d
020 _c225
024 _a100546
037 _b395, 22/10/2009, Pioneer Book Distributors
_cTextual
040 _aSDCL
_cSDCL
_beng
041 _2eng
_aeng
082 _aW, P6
100 _aBaradat Leon P
_9457305
245 0 _aPolitical ideologies
_b Their origins and impact. Ed 9.
260 _aNew Delhi
_bPrentice-Hall
_c2006
300 _axiv,322p
_ccm.
650 _aPolitical Science
942 _hW, P6
_cTEXL
_2CC
999 _c770790
_d770790